<?xml version="1.0" encoding="UTF-8"?>
<record
    xmlns:xsi="http://www.w3.org/2001/XMLSchema-instance"
    xsi:schemaLocation="http://www.loc.gov/MARC21/slim http://www.loc.gov/standards/marcxml/schema/MARC21slim.xsd"
    xmlns="http://www.loc.gov/MARC21/slim">

  <leader>01456nam a2200217 a 4500</leader>
  <controlfield tag="001">ASIN0312215533</controlfield>
  <controlfield tag="005">20170105102854.0</controlfield>
  <controlfield tag="008">130822s1998    xxu                 eng d</controlfield>
  <datafield tag="020" ind1=" " ind2=" ">
    <subfield code="a">0312215533 (paperback)</subfield>
    <subfield code="c">$51.00</subfield>
  </datafield>
  <datafield tag="020" ind1=" " ind2=" ">
    <subfield code="a">9780312215538 (paperback)</subfield>
  </datafield>
  <datafield tag="040" ind1=" " ind2=" ">
    <subfield code="a">0</subfield>
  </datafield>
  <datafield tag="082" ind1=" " ind2=" ">
    <subfield code="a">320.54</subfield>
  </datafield>
  <datafield tag="100" ind1="1" ind2=" ">
    <subfield code="a">Kellas, James G.</subfield>
  </datafield>
  <datafield tag="245" ind1="1" ind2="4">
    <subfield code="a">The politics of nationalism and ethnicity, second edition /</subfield>
    <subfield code="c">James G. Kellas.</subfield>
  </datafield>
  <datafield tag="250" ind1=" " ind2=" ">
    <subfield code="a">Second Edition.</subfield>
  </datafield>
  <datafield tag="260" ind1=" " ind2=" ">
    <subfield code="a">[S.l.] :</subfield>
    <subfield code="b">Palgrave Macmillan,</subfield>
    <subfield code="c">1998.</subfield>
  </datafield>
  <datafield tag="300" ind1=" " ind2=" ">
    <subfield code="a">258 p. ;</subfield>
    <subfield code="c">22 cm.</subfield>
  </datafield>
  <datafield tag="520" ind1=" " ind2=" ">
    <subfield code="a">Nationalism and ethnicity have always been key elements in state-building and in the break-up of states, and never more so than in the world today. While there are many partial theories, there is no coherent general theory which adequately explains nationalism's political significance and salience. In this comprehensively revised and updated new edition, James Kellas reviews and assesses the main theoretical approaches to the study of nationalism that have been developed within a wide range of disciplines. He introduces a range of international case studies to explain the power of nationalism and ethnicity in politics, to identify the circumstances in which they flourish, and to evaluate various strategies of accommodation which have been developed to contain ethnic conflict.</subfield>
  </datafield>
  <datafield tag="856" ind1="4" ind2="0">
    <subfield code="3">Amazon.com</subfield>
    <subfield code="u">http://www.amazon.com/exec/obidos/ASIN/0312215533/chopaconline-20</subfield>
  </datafield>
  <datafield tag="942" ind1=" " ind2=" ">
    <subfield code="2">ddc</subfield>
    <subfield code="c">BK</subfield>
  </datafield>
  <datafield tag="999" ind1=" " ind2=" ">
    <subfield code="c">14396</subfield>
    <subfield code="d">14396</subfield>
  </datafield>
  <datafield tag="952" ind1=" " ind2=" ">
    <subfield code="0">0</subfield>
    <subfield code="1">0</subfield>
    <subfield code="4">0</subfield>
    <subfield code="7">0</subfield>
    <subfield code="8">NFIC</subfield>
    <subfield code="a">CIPS</subfield>
    <subfield code="b">CIPS</subfield>
    <subfield code="c">GEN</subfield>
    <subfield code="d">2013-08-22</subfield>
    <subfield code="l">0</subfield>
    <subfield code="o">320.54 KEL 1998</subfield>
    <subfield code="p">CIPS0000553</subfield>
    <subfield code="r">2013-08-22</subfield>
    <subfield code="w">2013-08-22</subfield>
    <subfield code="y">BK</subfield>
  </datafield>
</record>
